Capitals Without the Letters of “Naypyidaw” - Statistics

General Stats
  • This quiz has been taken 5 times
  • The average score is 7 of 8
Answer Stats
Continents Capitals % Correct
Europe Oslo
100%
Europe Rome
100%
Europe Stockholm
100%
Europe Brussels
80%
Europe Luxembourg
80%
Asia Seoul
80%
South America Sucre
80%
Africa Lome
60%
No matching quizzes found
Score Distribution
Percent of People with Each Score
Percentile by Number Answered
Your Score History
You have not taken this quiz